Painting Quiz I - Statistics

General Stats
  • This quiz has been taken 24 times
  • The average score is 9 of 102
Answer Stats
Picture Hint Answer % Correct
1937 Guernica / by Picasso
81%
1907 The Kiss / by Klimt
81%
1888 Sunflowers / by van Gogh
62%
Northern Renaissance Flemish: 1380s - 1440s Jan van Eyck
52%
Austrian Symbolism: 1862–1918 Gustav Klimt
48%
French Realism / Impressionism: 1832–1883 Edouard Manet
43%
1500 The Garden of Earthly Delights / by Bosch
38%
Dutch Northern Renaissance: c.1450–1516 Hieronymus Bosch
29%
Baroque Flemish: 1570s - 1640s Peter Paul Rubens
29%
French Impressionism: 1841–1919 Pierre-Auguste Renoir
29%
1830 The Liberty leading the people / by Delacroix
29%
French Impressionism: 1834 - 1917 Edgar Degas
24%
Romance French: 1798 - 1863 Eugène Delacroix
24%
1897 Lady Godiva / by Collier
24%
1872 Impression, Sunrise / by Monet
19%
1863 Olympia / by Manet
19%
1897 The Sleeping Gypsy / by Rousseau
19%
1767 The Swing / by Fragonard
19%
Russian Abstract: 1866–1944 Wassily Kandinsky
19%
1907 Les Demoiselles d’Avignon / by Picasso
14%
1482 Primavera / by Botticelli
14%
Belgian Surrealism: 1898 - 1967 René Magritte
14%
1888 Café Terrace At Night / by van Gogh
10%
1889 Irises / by Van Gogh
10%
1937 Portrait of Dora Maar / by Picasso
10%
1533 The Ambassadors / by Holbein
10%
1888 The Night Café / by van Gogh
10%
1964 The Son of Man / by Magritte
10%
1871 Whistler’s Mother / by Whistler
10%
1890 Almond Blossoms / by Van Gogh
5%
1474 Annunciation / by da Vinci
5%
1874 Breezing Up / by Homer
5%
1948 Christina’s World / by Wyeth
5%
1950s - 1970s Homage to the Square / by Albers
5%
1489 Lady With An Ermine / by da Vinci
5%
Latvian-American Abstract Expressionism: 1903–1970 Mark Rothko
5%
1889 Self-portrait without beard / by Van Gogh
5%
1839 The Fighting Temeraire / by JMW Turner
5%
1821 The Hay Wain / by Constable
5%
1863 The Lunch on the Grass / by Manet
5%
1850 The Ninth Wave / by Aivazovsky
5%
1600 View Of Toledo / by El Greco
5%
American Realism / Regionalism: 1917–2009 Andrew Wyeth
0%
American Kitsch: 1844–1934 Cassius Marcellus Coolidge
0%
American Impressionism: 1859–1935 Childe Hassam
0%
French Baroque: 1600–1682 Claude Lorrain
0%
1923 Composition VIII / by Kandinsky
0%
1876 Dance at Le Moulin de la Galette / by Renoir
0%
1890 Dancers in Blue / by Degas
0%
1894 Dogs Playing Poker / by Coolidge
0%
1637 Et In Arcadia ego / by Poussin
0%
1895 Flaming June / by Leighton
0%
German Expressionism: 1880–1916 Franz Marc
0%
British Aesthetic Movement: 1830–1896 Frederic Leighton
0%
1953 Golconda / by Magritte
0%
French Impressionism / Realism: 1848–1894 Gustave Caillebotte
0%
Naïve French: 1844 - 1910 Henri Rousseau
0%
Japanese Ukiyo-e: 1760–1849 Hokusai
0%
Russian Romantic: 1817 - 1900 Ivan Aivazovsky
0%
American Realism / Tonalism: 1834–1903 James McNeill Whistler
0%
French Neoclassicism: 1780–1867 Jean Auguste Dominique Ingres
0%
French Rococo: 1732–1806 Jean-Honore Fragonard
0%
British Pre-Raphaelite: 1850–1934 John Collier
0%
English Romanticism: 1776 - 1837 John Constable
0%
American Neoclassicism: 1738 - 1815 John Singleton Copley
0%
British Pre-Raphaelite: 1849–1917 John William Waterhouse
0%
Prussian: 1888 - 1976 Josef Albers
0%
British Rococo: 1723 - 1792 Joshua Reynolds
0%
Filipino Romanticism: 1857–1899 Juan Luna
0%
1901 Judith and the Head of Holofernes / by Klimt
0%
1882 Las Damas Romanas / by Luna
0%
1881 Luncheon Of The Boating Party / by Renoir
0%
1610 Massacre of the Innocents / by Reubens
0%
French Baroque: 1594 - 1665 Nicolas Poussin
0%
1948 No. 5, 1948 / by Pollock
0%
1914–1917 Nymphéas en fleur / by Monet
0%
1877 Paris Street; Rainy Day / by Caillebotte
0%
Flemish Northern Renaissance: c.1525–1569 Pieter Bruegel
0%
1800 Portrait of Madame Recamier / by David
0%
1954 Royal Red And Blue / by Rothko
0%
1633 Storm on the Sea of Galilee / by Rembrandt
0%
1434 The Arnolfini Marriage / by van Eyck
0%
1917 The Avenue In The Rain / by Hassam
0%
1599 The Calling of Saint Matthew / by Caravaggio
0%
1648 The Embarkation Of The Queen Of Sheba / by Lorrain
0%
1560s The Fall Of Icarus / by Bruegel
0%
1935 The Flower Carrier / by Riviera
0%
1913 The Foxes / by Marc
0%
1814 The Grande Odalisque / by Ingres
0%
1831 The Great Wave Of Kanagawa / by Hokusai
0%
1565 The Harvesters / by Bruegel
0%
1780 The Ladies Waldegrave / by Reynolds
0%
1888 The Lady of Shalott / by Waterhouse
0%
1824 The Lock / by Constable
0%
1928 The Lovers / by Magritte
0%
1650 The Man with the Golden Helmet / by Rembrandt
0%
1929 The Treachery Of Images / by Magritte
0%
1881 Two Sisters / by Renoir
0%
1778 Watson And The Shark / by Copley
0%
1889 Wheat Field with Cypresses / by van Gogh
0%
American Realism: 1836–1910 Winslow Homer
0%
1875 Woman with a Parasol / by Monet
0%
No matching quizzes found
Score Distribution
Percent of People with Each Score
Percentile by Number Answered
Your Score History
You have not taken this quiz